| 000 | 02696nam a22004097a 4500 | ||
|---|---|---|---|
| 005 | 20110506141910.0 | ||
| 008 | 110506t xxu||||| |||| 00| 0 eng d | ||
| 010 | _aENG-102387 B-447323-327 | ||
| 020 |
_a9788178312453 _c1500.00 |
||
| 035 | _aEN-85920 B-447323-327 | ||
| 037 | _bDBAD/PUB | ||
| 037 | _bBPPD/PUB | ||
| 040 |
_adpl _bEng |
||
| 082 | _a305.260954 | ||
| 245 |
_aAgeing : _bsome emerging issues : profiles, trends and policy perspectives / _cedited by K.N.S. Yadava [and] Alok Kumar |
||
| 260 |
_aNew Delhi _bManak Publications _c2011 |
||
| 270 |
_aB-7, Saraswati Complex, Subhash Chowk, Laxmi Nagar _bNew Delhi _e110092 _k22453894,22042529 _mmanak_publications@hotmail.com |
||
| 300 |
_axix,458p. : _c23cm (Hb) _bill. |
||
| 500 | _aIncludes bibliographical references and index | ||
| 500 | _aIncludes statistical tables. | ||
| 505 | _asection 1. Socio-economic and demographic profiles of elderly -- section 2. Work participation and dependency of elderly -- section 3. Problems, needs, and care of elderly -- section 4. Policy perspectives for elderly. | ||
| 520 | _aContributed articles with special reference to India. | ||
| 650 |
_aOlder people _927775 _zIndia. |
||
| 650 |
_aOlder people _vStatistics. _zIndia _927782 |
||
| 650 |
_aAging _zIndia. _927783 |
||
| 650 |
_aAging _vStatistic _zIndia _927784 |
||
| 700 |
_aYadava, K. N. S _927776 |
||
| 700 |
_aAlok Kumar _927785 |
||
| 942 |
_2ddc _cEN _h305.260954 _mAGE |
||
| 999 |
_c52156 _d52156 |
||